LEADER 00949nam0-22002651i-450- 001 990006187470403321 005 20040407152009.0 035 $a000618747 035 $aFED01000618747 035 $a(Aleph)000618747FED01 035 $a000618747 100 $a20000112f????----km-y0itay50------ba 105 $a--------00-yy 200 1 $aDocumenti Diplomatici concernenti la questione del Lussemburgo presentati dal ministro degli affari esteri (di Campello) nella tornata del 5 giugno 1867. 210 $aS.l.$cs.e.$ds.d. 215 $d28 cm 676 $a341.33 710 01$aItalia.$bCamera dei deputati$0134311 801 0$aIT$bUNINA$gRICA$2UNIMARC 901 $aBK 912 $a990006187470403321 952 $aLEG.FIORE I 47$b9658$fFGBC 959 $aFGBC 996 $aDocumenti Diplomatici concernenti la questione del Lussemburgo presentati dal ministro degli affari esteri (di Campello) nella tornata del 5 giugno 1867$9646258 997 $aUNINA